LEADER 00788nam a2200169 i 4500 001 000000230819 003 CaOOAMICUS 005 20140619000000.0 008 140619s1894 it u000 u ita u 013 $a209721 040 $aSeMil$bita 245 10$aVecchio Testamento :$bIntroduzione generale ; Pentateuco. 300 $aLV, 812, 8 p. :$bill. 773 0 $aVigouroux, Fulcran $tManuale biblico, o Corso di Sacra scrittura.$bPrima versione italiana sull'ottava ed ultima edizione francese.$dS. Pier D'Arena : Tipografia e Libreria Salesiana, 1894-1895.$g1$w()30092 850 $aSeMil 852 $aSeMil$W1$xVenegono$y1$m2W I 32 FA$j181165$B181165$CSeMilBibl$Z2$F191906 $8I 996 $6245$aVecchio Testamento :$bIntroduzione generale ; Pentateuco$9(OLS)http://semarc/title/329755 LEADER 01111nam a2200217 i 4500 001 000000052183 003 CaOOAMICUS 005 20210525134634.0 008 121113s1824 it u000 u lat u 013 $a23355 026 $ae,in 7.7. b-r- Dera (3) 1824 (R) 040 $aSeMil$bita 245 10$aTomus primus complectitur decreta ab anno 1602. ad 1645. =$ba num. 1. ad 1398. 300 $aXI, [1], 390, [2] p. 500 $aSegn.: pg6 A-3C4. 773 0 $aChiesa Cattolica : Congregazione dei riti$tDecreta authentica Congregationis Sacrorum Rituum ex actis ejusdem Sacr. Congr. collecta cura, et studio sacerdotis Aloysii Gardellini ... Tomus 1. [-8.].$bEditio altera emendatior$dRomae : Typis Francisci, et Leopoldi Bourlié, 1824-1849.$g1$w()27505 850 $aSeMil 852 $aSeMil$W1$xVenegono$y1$m2G IV 1 FA$j18338$B18338$CSeMilBibl$Z2$F18339 $8I 852 $aSeMil$W1$xVenegono$y1$m3XB VI 15 FA$j243209$B237287$CSeMilBibl$Z2$F237287 $8I 996 $6245$aTomus primus complectitur decreta ab anno 1602. ad 1645. =$ba num. 1. ad 1398$9(OLS)http://semarc/title/80041 LEADER 01209nam a2200229 i 4500 001 000000061279 003 CaOOAMICUS 005 20140612000000.0 008 140612s1968 it u000 u ita u 013 $a32451 040 $aSeMil$bita 100 1 $aZuzek, Ivan .$0(OLS)http://semarc/name/31102 245 12$aI Patriarcati Orientali nel primo millennio :$brelazioni del Congresso tenutosi al Pontificio Istituto Orientale nei giorni 27-30 Dicembre 1967 /$cI. Zuzek ... [et al.]. 260 $aRoma :$bPontificium Institutum Orientalium Studiorum,$c1968. 300 $a221 p. ;$c24 cm. 490 0 $aOrientalia Christiana Analecta ;$v181 650 4$aChiese Orientali.$0(OLS)http://semarc/subject/2275 830 0$aOrientalia Christiana Analecta ;$v181.$0(OLS)http://semarc/title/100 850 $aSeMil 852 $aSeMil$W1$xVenegono$y1$m2K IV 218$j27432$B27432$CSeMilBibl$Z2$F27435 $81 996 $6245$aI Patriarcati Orientali nel primo millennio :$brelazioni del Congresso tenutosi al Pontificio Istituto Orientale nei giorni 27-30 Dicembre 1967$9(OLS)http://semarc/title/96269 996 $6260$aRoma :$bPontificium Institutum Orientalium Studiorum$9(OLS)http://semarc/publisher/29660